000 00834nam a22002777a 4500
005 20221228145230.0
008 221228b ||||| |||| 00| 0 eng d
040 _cAL
041 _aEnglish
082 _223
_a302.54
_bREDM
100 _aRagnar Redbeard
_967848
245 _aMight is Right: Or The Survival of the Fittest
260 _aAmerica
_bFourteen Word Press
_c1999
300 _axx,185 p.
_bPB
_c23x15 cm.
650 _aIndividualism
_967849
650 _aSocial ethics
_967850
650 _aPower (Philosophy)
_967851
650 _aNatural law
_967852
650 _aWar and civilization
_967853
650 _aWar and society
_967854
650 _aChristian ethics
_967855
650 _aPhilosophy and religion
_967856
700 _aREDBEARD (Ragnar)
_967857
700 _aLANE (Katja) Ed
_967858
942 _2ddc
_cDB
999 _c226106
_d226106